00267nam a2200121Ia 4500008004100000100001300041245002300054260002600077300000800103650001000111942000700121999001700128190216s9999||||xx |||||||||||||| ||und|| aOja. D.D 0aHindi- Jul Hi Pran bSuraj Prakashanc2009 a115 aHindi cBK c16858d16858